000 00418nam a2200157 4500
001 46051
090 _a46051
100 _a20260424 pory50
101 _apor
102 _aPT
200 _aA Faiança do século XVI nos primitivos portugueses
_fReynaldo dos Santos
210 _a[Não identificado]
_c[Não identificado]
_d[Não identificado]
215 _a1 v.
675 _a738(469)
801 _aPT
_gRPC
990 _cLIVROS